[Event "Mistrzostwa Polski Juniorow do lat 16 - Chlopcy"]
[Site "Szklarska Poreba"]
[Date "1899-12-30"]
[Round "3.1"]
[White "Baum, Jonasz"]
[Black "Czernek, Tymon"]
[Result "1-0"]
[WhiteTitle "FM"]
[BlackTitle "I++"]
[WhiteElo "2391"]
[BlackElo "2120"]

1. Nf3 Nf6 2. c4 c5 3. Nc3 Nc6 4. d4 cxd4 5. Nxd4 e5 6. Ndb5 d6 7. Nd5 Nxd5 8.
cxd5 Nb8 9. e4 Be7 10. Be3 O-O 11. Rc1 Na6 12. Bd3 Bd7 13. O-O Nc5 14. Bxc5 dxc5
15. d6 Bf6 16. Nc7 Rc8 17. Rxc5 Bc6 18. Bc2 Qd7 19. Qd3 Bd8 20. Rxe5 Bxc7 21.
dxc7 Qxc7 22. Rc5 Qe7 23. Qe3 Qe6 24. a3 Rcd8 25. f3 Rd6 26. Rd1 Rfd8 27. Rxd6
Qxd6 28. Rc3 Bb5 29. e5 Qe6 30. h3 Qa2 31. Kh2 g6 32. Bb3 Qxb2 33. e6 Be8 34.
exf7+ Bxf7 35. Bxf7+ Kxf7 36. Rc7+ Kg8 37. Qe6+ Kh8 38. Qe7 1-0

[Event "Mistrzostwa Polski Juniorow do lat 16 - Chlopcy"]
[Site "Szklarska Poreba"]
[Date "1899-12-30"]
[Round "3.2"]
[White "Suder, Jakub"]
[Black "Niedbala, Bartlomiej"]
[Result "0-1"]
[WhiteTitle "I++"]
[BlackTitle "FM"]
[WhiteElo "2085"]
[BlackElo "2381"]

1. d4 d5 2. c4 e6 3. Nc3 c6 4. Nf3 dxc4 5. a4 Bb4 6. Bd2 b5 7. e3 a5 8. axb5 Bxc3
9. Bxc3 cxb5 10. b3 Bb7 11. bxc4 b4 12. Bd2 Nf6 13. Bd3 O-O 14. Qb1 Nbd7 15. O-O
Qc7 16. Ne1 e5 17. f3 Rfe8 18. Qc1 Qd6 19. c5 Qe6 20. Bb5 Bc6 21. Bc4 Bd5 22.
Bxd5 Qxd5 23. e4 Qc6 24. Be3 exd4 25. Bxd4 Qb5 26. Rf2 Rec8 27. Qg5 h6 28. Qf5
Ne8 29. Rd1 Nf8 30. Nd3 Qd7 31. Qe5 Ne6 32. Nf4 Nxf4 33. Qxf4 Rxc5 34. Rfd2 Qc7
35. e5 Rd5 36. Qe3 Qd7 37. f4 Rd8 38. Qe4 Nc7 39. f5 Qe8 40. f6 g6 41. Qe3 Kh7
42. Bb2 Rxd2 43. Rxd2 Rxd2 44. Qxd2 Ne6 45. h4 Qd8 46. Qc2 h5 47. Kh2 Qd7 48.
g4 Nf4 49. Qc4 Qd2+ 50. Kg3 Qg2+ 0-1

[Event "Mistrzostwa Polski Juniorow do lat 16 - Chlopcy"]
[Site "Szklarska Poreba"]
[Date "1899-12-30"]
[Round "3.3"]
[White "Czechowski, Jakub"]
[Black "Luczak, Filip"]
[Result "0-1"]
[WhiteTitle "I+"]
[BlackTitle "CM"]
[WhiteElo "1964"]
[BlackElo "2179"]

1. d4 Nf6 2. c4 g6 3. Nc3 Bg7 4. e4 d6 5. Nf3 O-O 6. Be2 e5 7. O-O Nc6 8. d5 Ne7
9. b4 a5 10. Ba3 axb4 11. Bxb4 Re8 12. c5 dxc5 13. Bxc5 c6 14. d6 Qa5 15. Be3
Qxc3 16. dxe7 Nxe4 17. Qd8 Be6 18. Rad1 Bf6 19. Rd3 Raxd8 20. exd8=Q Rxd8 21.
Rxc3 Nxc3 0-1

[Event "Mistrzostwa Polski Juniorow do lat 16 - Chlopcy"]
[Site "Szklarska Poreba"]
[Date "1899-12-30"]
[Round "3.4"]
[White "Dzida, Kamil"]
[Black "Koziorowicz, Michal"]
[Result "1-0"]
[WhiteTitle "k+"]
[BlackTitle "k"]
[WhiteElo "2254"]
[BlackElo "2099"]

1. e4 c5 2. Nf3 e6 3. d4 cxd4 4. Nxd4 Nc6 5. Nc3 a6 6. Nxc6 bxc6 7. Bd3 d5 8. O-O
Nf6 9. Re1 Be7 10. e5 Nd7 11. Qg4 g6 12. Na4 Rb8 13. b3 c5 14. c4 d4 15. Bh6 Bb7
16. f4 Qa5 17. Re2 Nb6 18. Nb2 Nc8 19. f5 exf5 20. Qg3 Qc7 21. Rf1 Kd8 22. Bf4
g5 23. Bxg5 Rg8 24. Bxe7+ Nxe7 25. Qh4 Qxe5 26. Rfe1 Be4 27. Bxe4 Rg4 28. Qh5
Qf6 29. Bf3 Rh4 30. Rxe7 Rxh5 31. Bxh5 Qxe7 32. Rxe7 Kxe7 33. Nd3 Kd6 34. Bxf7
a5 35. Bh5 a4 36. Bd1 a3 37. Kf2 Re8 38. Kf1 Re3 39. Be2 h5 40. Ke1 h4 41. h3
Re8 42. Kd2 Rb8 43. Kc2 Re8 44. Bf3 Re3 45. Kd2 Re8 46. b4 cxb4 47. c5+ Ke6 48.
Nxb4 Rb8 49. Nc6 Rb2+ 50. Kd3 Rxa2 51. Nxd4+ Kd7 52. Nc2 Ke6 53. Kc3 Ke5 54. c6
Kd6 55. Bd5 Rb2 56. Nxa3 Rb8 57. Kd4 Rb4+ 58. Nc4+ Kc7 59. Kc5 Rb1 60. Nd6 Rc1+
61. Bc4 f4 62. Nb5+ Kc8 63. Kb6 Kd8 64. Bd5 Rc2 65. c7+ Kd7 66. Be6+ 1-0

[Event "Mistrzostwa Polski Juniorow do lat 16 - Chlopcy"]
[Site "Szklarska Poreba"]
[Date "1899-12-30"]
[Round "3.5"]
[White "Kaliszuk, Kamil"]
[Black "Fiedorek, Michal"]
[Result "0-1"]
[WhiteTitle "I+"]
[BlackTitle "FM"]
[WhiteElo "1961"]
[BlackElo "2223"]

1. e4 c5 2. Nf3 d6 3. d4 cxd4 4. Qxd4 Nf6 5. Be2 Nc6 6. Qe3 g6 7. O-O Bg7 8. h3
O-O 9. Rd1 Qc7 10. c4 b6 11. Nc3 Bb7 12. Rb1 Rac8 13. b3 Qb8 14. Bb2 e6 15. Rd2
Rfd8 16. Rbd1 Ne8 17. Nb5 Bxb2 18. Rxb2 Ne5 19. Rbd2 Nxf3+ 20. Bxf3 Bc6 21. Nd4
e5 22. Ne2 Qc7 23. a4 Rb8 24. Nc3 Qe7 25. g3 Nc7 26. Bg4 h5 27. Be2 Ne6 28. Nd5
Bxd5 29. Rxd5 h4 30. Bg4 hxg3 31. fxg3 Nd4 32. R5xd4 exd4 33. Qxd4 Qe5 34. Kf2
Qxd4+ 35. Rxd4 Kg7 36. Ke3 Kf6 37. Rd5 Rb7 38. Be2 Re7 39. h4 Re5 40. Rd1 Ke7
41. Bd3 a5 42. Kd4 Rh8 43. Rh1 g5 44. h5 g4 45. h6 Kf6 46. Rh4 Kg5 47. h7 Kg6
48. Be2 Kg7 49. Bxg4 Rxh7 50. Rxh7+ Kxh7 51. Bf5+ Kg7 52. Ke3 Kf6 53. Kd4 Ke7
54. Kc3 Kd8 55. b4 axb4+ 56. Kxb4 Ke7 57. g4 Kf6 58. Bh7 Kg5 59. Bf5 Kf4 60. Kc3
Ke3 61. g5 Ra5 62. Kb4 Kd4 63. g6 fxg6 64. Bxg6 Rc5 65. Bf7 Kxe4 66. Be6 Ke5 67.
Bg8 Kf6 68. Bd5 Ra5 69. Bg8 Ke5 70. Bf7 Kd4 71. Bg8 Rg5 72. Be6 Rg1 73. Kb5 Rb1+
74. Kc6 Ke5 75. Bd5 Rb4 76. Bf7 Rxa4 77. Kxb6 Kd4 78. Kc6 Ra6+ 79. Kb7 Ra5 80.
Kc6 Ke5 81. Bg8 Ra6+ 82. Kd7 Kd4 83. Bd5 Kc5 84. Bg8 Ra7+ 85. Ke6 Rg7 86. Bf7
Rxf7 0-1

[Event "Mistrzostwa Polski Juniorow do lat 16 - Chlopcy"]
[Site "Szklarska Poreba"]
[Date "1899-12-30"]
[Round "3.6"]
[White "Czopor, Maciej"]
[Black "Zabron, Maksym"]
[Result "1/2-1/2"]
[WhiteTitle "k"]
[BlackTitle "I++"]
[WhiteElo "2196"]
[BlackElo "2023"]

1. e4 c6 2. d4 d5 3. e5 Bf5 4. Nd2 e6 5. Nb3 Nd7 6. Nf3 Ne7 7. Be2 h6 8. O-O Bh7
9. Bd2 Ng6 10. g3 Be7 11. h4 Nb6 12. a4 Nf8 13. a5 Nc4 14. Bc3 b6 15. a6 Nd7 16.
Nc1 b5 17. b3 Ncb6 18. Nd3 O-O 19. h5 Qc7 20. Qd2 Rac8 21. Bb4 c5 22. dxc5 Bxc5
23. Nxc5 Nxc5 24. Qe3 Rfd8 25. Nd4 Ne4 26. Nxb5 Qxe5 27. Nxa7 d4 28. Qf4 Qxf4
29. gxf4 Rxc2 30. Bd3 Rb2 31. Nc6 Ra8 32. Nxd4 Nd5 33. Ba3 Rd2 34. Rfd1 Rxd1+
35. Rxd1 Nec3 36. Bxh7+ Kxh7 37. Rd3 Rxa6 38. Bb2 Ne4 39. f5 Ra2 40. fxe6 fxe6
41. Nxe6 Rxb2 42. Rxd5 Rxb3 43. Rd7 Rb5 44. Rxg7+ Kh8 45. Rg4 Nf6 46. Rg6 Ng8
47. Nf4 Rg5+ 48. Kh2 Kh7 49. Ra6 Rg4 50. Ng6 Kg7 51. Ra7+ Kf6 52. f4 Kf5 53. Rg7
Nf6 54. Rf7 Ke6 55. Re7+ Kd6 56. Ra7 Nxh5 57. f5 Rg5 58. Ra6+ Kd7 59. Ne5+ Ke7
60. Re6+ Kf8 61. f6 Nxf6 62. Rxf6+ Ke7 63. Rxh6 Rxe5 1/2-1/2

[Event "Mistrzostwa Polski Juniorow do lat 16 - Chlopcy"]
[Site "Szklarska Poreba"]
[Date "1899-12-30"]
[Round "3.7"]
[White "Skurniak, Szymon"]
[Black "Redzisz, Michal"]
[Result "1-0"]
[WhiteTitle "I+"]
[BlackTitle "k"]
[WhiteElo "2005"]
[BlackElo "2105"]

1. e4 c6 2. Nc3 d5 3. Nf3 Bg4 4. h3 Bxf3 5. Qxf3 e6 6. d3 g6 7. Bd2 Bg7 8. h4 h5
9. g4 hxg4 10. Qxg4 Nd7 11. O-O-O Ngf6 12. Qg2 Nh5 13. f4 Qf6 14. e5 Qe7 15. Be2
b5 16. f5 exf5 17. e6 fxe6 18. Qxg6+ Qf7 19. Bxh5 Rxh5 20. Qg1 Qf6 21. Re1 Kf7
22. Bg5 Bh6 23. Kd1 Qg6 24. Qg3 e5 25. Qf3 Re8 26. Qf2 Nb6 27. a4 b4 28. Ne2 Bxg5
29. hxg5 Rxg5 30. a5 Nc8 31. Ref1 Re7 32. Rh8 Nd6 33. Rfh1 Kg7 34. Qc5 Rd7 35.
Qxc6 Rf7 36. Qxd5 f4 37. R8h6 Qxh6 38. Rxh6 Kxh6 39. Qxd6+ Kg7 40. d4 f3 41. Ng3
e4 42. Kd2 Rxa5 43. Nxe4 f2 44. Qg3+ Kf8 45. Nxf2 Rd5 46. Nd3 a5 47. Ne5 Rf5 48.
Ke3 Rf6 49. Qg4 Rfd6 50. Qf5+ Ke7 51. Qf7+ Kd8 52. Nc6+ 1-0

[Event "Mistrzostwa Polski Juniorow do lat 16 - Chlopcy"]
[Site "Szklarska Poreba"]
[Date "1899-12-30"]
[Round "3.8"]
[White "Ochedzan, Tymon"]
[Black "Turski, Bartlomiej"]
[Result "1-0"]
[WhiteTitle "CM"]
[BlackTitle "I"]
[WhiteElo "2099"]
[BlackElo "1986"]

1. e4 c5 2. Nf3 d6 3. d4 cxd4 4. Nxd4 Nf6 5. Nc3 Nc6 6. Bg5 Bd7 7. Qd2 Rc8 8. O-O-O
Nxd4 9. Qxd4 Qa5 10. Bxf6 gxf6 11. Kb1 Qc5 12. Qd2 Bg7 13. f4 f5 14. e5 O-O 15.
exd6 e6 16. h4 Bxc3 17. bxc3 Qxc3 18. Rh3 Qxd2 19. Rxd2 Rfd8 20. Ra3 a6 21. Kb2
Bc6 22. Rb3 Kf8 23. c4 Be4 24. Rb6 Ke8 25. g3 Rd7 26. Kc3 Rc6 27. Rxc6 Bxc6 28.
c5 Rd8 29. Kd4 f6 30. Bg2 Rb8 31. a4 a5 32. Rb2 Bxg2 33. Rxg2 Kd7 34. Rb2 b6 35.
Kc4 Kc6 36. cxb6 e5 37. h5 h6 38. Rb3 e4 39. Rb5 Kxd6 40. Rxf5 Ke6 41. Rb5 f5
42. b7 Kd6 43. Kd4 Ke6 44. Rb6+ 1-0

[Event "Mistrzostwa Polski Juniorow do lat 16 - Chlopcy"]
[Site "Szklarska Poreba"]
[Date "1899-12-30"]
[Round "3.9"]
[White "Luberanski, Jakub"]
[Black "Jedrusik, Adam"]
[Result "1-0"]
[WhiteTitle "k"]
[BlackTitle "I"]
[WhiteElo "2151"]
[BlackElo "1828"]

1. d4 f5 2. c4 Nf6 3. Nc3 e6 4. e3 d5 5. Bd3 c6 6. Nge2 Bd6 7. Qc2 O-O 8. cxd5
cxd5 9. Nb5 Nc6 10. Nxd6 Nb4 11. Qb3 Nxd3+ 12. Qxd3 Qxd6 13. b3 b5 14. Qxb5 Ba6
15. Qc5 Qd7 16. Qa5 Bxe2 17. Kxe2 Rac8 18. Bd2 Ne4 19. Rac1 f4 20. f3 Nxd2 21.
Qxd2 Qb5+ 22. Kf2 Qb6 23. exf4 h6 24. Rhe1 a5 25. Qe3 Rxc1 26. Rxc1 Ra8 27. Qe5
Ra7 28. Rc8+ Kh7 29. Re8 Qb4 30. Rxe6 Qd2+ 31. Kg3 Rf7 32. h4 Rf6 33. Rxf6 gxf6
34. Qxf6 Qe1+ 35. Kg4 Qe2 36. Qf5+ Kg7 37. Qe5+ 1-0

[Event "Mistrzostwa Polski Juniorow do lat 16 - Chlopcy"]
[Site "Szklarska Poreba"]
[Date "1899-12-30"]
[Round "3.10"]
[White "Bachor, Tomasz"]
[Black "Kalkowski, Igor"]
[Result "1-0"]
[WhiteTitle "k"]
[BlackTitle "I+"]
[WhiteElo "2105"]
[BlackElo "1862"]

1. d4 d5 2. c4 dxc4 3. Nf3 Nf6 4. e3 a6 5. Bxc4 e6 6. O-O b5 7. Be2 Bb7 8. b3 Nbd7
9. Nbd2 c5 10. Bb2 Be7 11. Rc1 Qb6 12. dxc5 Bxc5 13. Nd4 O-O 14. Bf3 Nd5 15. Ne4
Be7 16. Nc3 N7f6 17. Nxd5 Nxd5 18. Bxd5 Bxd5 19. Nf5 exf5 20. Qxd5 Qe6 21. Qxe6
fxe6 22. Rc6 Bf6 23. Bxf6 Rxf6 24. f4 Kf7 25. Rd1 e5 26. Rc7+ Kg6 27. Rdd7 Rg8
28. fxe5 Re6 29. Rc5 Rge8 30. Rdd5 R8e7 31. Kf2 Kh5 32. Kf3 g5 33. g3 Kg6 34.
e4 h5 35. Ke3 g4 36. Kf4 fxe4 37. Kxe4 Re8 38. Kd4 Kf5 39. Rd6 Rxe5 40. Rxe5+
Rxe5 41. Rd5 Rxd5+ 42. Kxd5 b4 43. Kd4 Kf6 44. Kc4 Ke5 45. Kxb4 Ke4 46. Ka5 Kf3
47. Kxa6 Kg2 48. b4 Kxh2 49. b5 h4 50. b6 Kxg3 51. b7 Kh2 52. b8=Q+ g3 53. a4
h3 54. a5 Kg2 55. Qb2+ Kg1 56. Qc1+ Kg2 57. Qd2+ Kg1 58. Qe3+ Kg2 59. Qe2+ Kh1
60. Qf3+ Kh2 61. Qf4 Kg2 62. Kb5 h2 63. Qe4+ Kg1 64. a6 h1=Q 65. Qxh1+ Kxh1 66.
a7 g2 67. a8=Q Kh2 68. Qh8+ Kg3 69. Qg7+ Kh2 70. Qh6+ Kg3 71. Qg5+ Kf2 72. Qf4+
Ke1 73. Qg3+ Kf1 74. Qf3+ 1-0

[Event "Mistrzostwa Polski Juniorow do lat 16 - Chlopcy"]
[Site "Szklarska Poreba"]
[Date "1899-12-30"]
[Round "3.11"]
[White "Kania, Dominik"]
[Black "Grzesik, Gracjan"]
[Result "1-0"]
[WhiteTitle "I"]
[BlackTitle "I++"]
[WhiteElo "1933"]
[BlackElo "2039"]

1. e4 c5 2. d4 cxd4 3. c3 d3 4. Bxd3 Nc6 5. Be3 g6 6. f4 Bg7 7. Nf3 d6 8. O-O Nf6
9. h3 O-O 10. Nbd2 b6 11. Qe1 e6 12. g4 d5 13. e5 Nd7 14. Nd4 Bb7 15. Qg3 Qe7
16. N2f3 Rae8 17. Rae1 f5 18. exf6 Bxf6 19. Nxc6 Bxc6 20. Bd4 Qd6 21. Bxf6 Rxf6
22. Nd4 Nc5 23. Re5 Bd7 24. Bc2 Bc8 25. Rfe1 Ref8 26. b4 Nd7 27. Rxe6 Qxf4 28.
Qxf4 Rxf4 29. Bb3 Bb7 30. Rd6 R4f7 31. Nc6 Bxc6 32. Rxc6 Kh8 33. Bxd5 Rf6 34.
Rxf6 Nxf6 35. Bb3 Re8 36. Rxe8+ Nxe8 37. Kf2 Kg7 38. Kf3 Kf6 39. Kf4 g5+ 40. Ke4
Nc7 41. a4 h6 42. Bc4 Ne8 43. Kd5 Ke7 44. Kc6 Kd8 45. Bd3 Ke7 46. Kb7 Kd6 47.
Kxa7 Kc7 48. a5 bxa5 49. b5 Nd6 50. b6+ Kc6 51. b7 Nxb7 52. Be4+ Kc5 53. Kxb7
Kc4 54. Kc6 a4 55. Kd6 Kxc3 56. Ke5 a3 57. Bd5 Kd3 58. Kf5 Kd4 59. Bg8 Ke3 60.
Kg6 Kf3 61. Kxh6 Kg3 62. Kxg5 Kxh3 63. Kf5 Kh4 64. g5 Kh5 65. Kf6 Kg4 66. g6 Kh5
67. g7 Kh6 68. Bf7 1-0

[Event "Mistrzostwa Polski Juniorow do lat 16 - Chlopcy"]
[Site "Szklarska Poreba"]
[Date "1899-12-30"]
[Round "3.12"]
[White "Kacprzak, Kacper"]
[Black "Gardian, Adam"]
[Result "1-0"]
[WhiteTitle "I+"]
[BlackTitle "I"]
[WhiteElo "2019"]
[BlackElo "1709"]

1. e4 e5 2. Nf3 Nc6 3. Bc4 Nf6 4. d3 Bc5 5. c3 d6 6. Bb3 a6 7. h3 Qe7 8. Nbd2 h6
9. Nf1 g5 10. Be3 Bxe3 11. Nxe3 Be6 12. Qe2 O-O-O 13. c4 Nd7 14. Nd5 Bxd5 15.
exd5 Ncb8 16. g4 Rde8 17. Nd2 Nc5 18. Bc2 a5 19. Nb3 Nxb3 20. axb3 b6 21. b4 axb4
22. Ba4 Ref8 23. Bc6 h5 24. Ra8 hxg4 25. Kd2 gxh3 26. Rxb8+ Kxb8 27. Ra1 f5 28.
Ra8# 1-0

[Event "Mistrzostwa Polski Juniorow do lat 16 - Chlopcy"]
[Site "Szklarska Poreba"]
[Date "1899-12-30"]
[Round "3.13"]
[White "Stachecki, Mikolaj"]
[Black "Trybus, Daniel"]
[Result "1/2-1/2"]
[WhiteTitle "I+"]
[BlackTitle "I++"]
[WhiteElo "1802"]
[BlackElo "2010"]

1. e4 Nf6 2. e5 Nd5 3. d4 d6 4. c4 Nb6 5. exd6 exd6 6. Nc3 Be7 7. Bd3 O-O 8. Nge2
Bg5 9. O-O Re8 10. b3 Nc6 11. Ne4 Bxc1 12. Rxc1 d5 13. N4c3 dxc4 14. bxc4 Bg4
15. f3 Bh5 16. Kh1 Qh4 17. c5 Nd7 18. Rb1 Rab8 19. Nd5 Nf6 20. Nxc7 Re3 21. Qd2
Re7 22. Nb5 Bg6 23. Bxg6 hxg6 24. d5 Nxd5 25. Qxd5 Rxe2 26. Nd6 Qe7 27. h3 Rd8
28. Qc4 Rd7 29. Rxb7 Rxb7 30. Nxb7 Re1 31. Rxe1 Qxe1+ 32. Kh2 Qe5+ 33. f4 Qe3
34. Nd6 Nd4 35. Qxf7+ Kh7 36. Ne8 Nf3+ 37. gxf3 Qf2+ 38. Kh1 Qf1+ 1/2-1/2

[Event "Mistrzostwa Polski Juniorow do lat 16 - Chlopcy"]
[Site "Szklarska Poreba"]
[Date "1899-12-30"]
[Round "3.14"]
[White "Kozlowski, Michal"]
[Black "Gradalski, Olaf"]
[Result "1-0"]
[WhiteTitle "I++"]
[BlackTitle "II+"]
[WhiteElo "2009"]
[BlackElo "1719"]

1. e4 c6 2. d4 d5 3. exd5 cxd5 4. Bd3 Nc6 5. Ne2 Nf6 6. O-O Bg4 7. f3 Bh5 8. c3
e6 9. Bf4 Be7 10. Nd2 O-O 11. Nb3 Bg6 12. Re1 Rc8 13. Ng3 Bd6 14. Bxd6 Qxd6 15.
Qd2 Ne7 16. Rad1 Bxd3 17. Qxd3 Ng6 18. Qd2 b6 19. Nc1 Qf4 20. Qf2 Qh4 21. Nd3
Nh5 22. Nxh5 Qxh5 23. f4 Rfe8 24. Rd2 Qf5 25. h3 h5 26. Qf3 Nh4 27. Qe3 Ng6 28.
Rf2 a5 29. Ne5 Nxe5 30. fxe5 Qg6 31. Rf3 Re7 32. Rg3 Qh7 33. Rf1 Rec7 34. Rf6
Kf8 35. Rf2 Ke8 36. Qe2 Rb8 37. Rg5 g6 38. Qb5+ Kd8 39. b4 axb4 40. Qxb4 Qh8 41.
Rxg6 Rbb7 42. Rxe6 Kc8 43. Rxb6 Rxb6 44. Qxb6 Qg8 45. Qa6+ Kd7 46. Qd6+ Kc8 47.
Qxd5 1-0

[Event "Mistrzostwa Polski Juniorow do lat 16 - Chlopcy"]
[Site "Szklarska Poreba"]
[Date "1899-12-30"]
[Round "3.15"]
[White "Syrkiewicz, Michal"]
[Black "Strepikowski, Pawel"]
[Result "1/2-1/2"]
[WhiteTitle "I"]
[BlackTitle "I"]
[WhiteElo "2004"]
[BlackElo "1676"]

1. e4 d6 2. d4 Nf6 3. Nc3 g6 4. f3 Bg7 5. Be3 O-O 6. Qd2 c6 7. g4 b5 8. Bh6 Qa5
9. Bxg7 Kxg7 10. h4 h5 11. gxh5 Nxh5 12. Nh3 Ng3 13. Rh2 Nxf1 14. Kxf1 b4 15.
Ne2 Qh5 16. Ng5 Ba6 17. Qxb4 f6 18. Ne6+ Kf7 19. Qb3 Bc4 20. N6f4 Bxb3 21. Nxh5
Bxc2 22. Nhf4 Ba4 23. Nc3 Bb5+ 24. Nxb5 cxb5 25. Rc1 Nd7 26. Nd5 Nb6 27. Nxb6
axb6 28. Rc6 Rxa2 29. Rxb6 Ra5 30. b4 Ra1+ 31. Kf2 Rh8 32. Rxb5 Ra2+ 33. Kg3 Rxh2
34. Kxh2 Rxh4+ 35. Kg3 Rh1 36. d5 Rb1 37. Rb8 Rb3 38. Kf4 f5 39. exf5 gxf5 40.
Kxf5 Rxf3+ 41. Ke4 Rb3 42. Kd4 Rb1 43. Kc4 e6 44. dxe6+ Kxe6 45. b5 Kd7 46. Rb7+
Ke6 47. Rh7 d5+ 48. Kc5 d4 49. Rh3 Ke5 50. Rh5+ Ke4 51. Rh4+ Ke3 52. Rxd4 Rxb5+
53. Kxb5 Kxd4 1/2-1/2

[Event "Mistrzostwa Polski Juniorow do lat 16 - Chlopcy"]
[Site "Szklarska Poreba"]
[Date "1899-12-30"]
[Round "3.16"]
[White "Panek, Bartosz"]
[Black "Haliniak, Wojciech"]
[Result "1-0"]
[WhiteTitle "I+"]
[BlackTitle "I"]
[WhiteElo "1979"]
[BlackElo "1705"]

1. Nf3 f5 2. g3 Nf6 3. Bg2 e6 4. d4 d5 5. O-O Bd6 6. Bf4 Bxf4 7. gxf4 O-O 8. Nbd2
Nbd7 9. Ne1 Ne4 10. Ndf3 Qe8 11. Nd3 h6 12. Nfe5 Ndf6 13. f3 Nd6 14. Kh1 Qh5 15.
Rg1 g5 16. fxg5 hxg5 17. Bf1 Kh7 18. Rg3 g4 19. fxg4 fxg4 20. Nxg4 Nxg4 21. Rh3
Qxh3 22. Bxh3 e5 23. Bxg4 Bxg4 24. Qe1 Bf5 25. Qh4+ Kg7 26. Rg1+ Kf7 27. Nxe5+
Ke6 28. Rg7 Rae8 29. Nd7 Be4+ 30. Kg1 Rf7 31. Nc5+ Kf5 32. Qg5# 1-0

[Event "Mistrzostwa Polski Juniorow do lat 16 - Chlopcy"]
[Site "Szklarska Poreba"]
[Date "1899-12-30"]
[Round "3.17"]
[White "Kotula, Pawel"]
[Black "Gorkiewicz, Mateusz"]
[Result "1-0"]
[WhiteTitle "I"]
[BlackTitle "I+"]
[WhiteElo "1707"]
[BlackElo "1959"]

1. d4 d5 2. c4 e6 3. Nf3 Nf6 4. Bg5 Be7 5. Nc3 O-O 6. Qc2 h6 7. Bh4 b6 8. e3 Bb7
9. Bxf6 Bxf6 10. cxd5 exd5 11. g4 c5 12. O-O-O cxd4 13. exd4 Qd6 14. Qd2 a6 15.
h4 b5 16. g5 b4 17. Ne2 Be7 18. Nf4 b3 19. axb3 Qb6 20. Bd3 Nc6 21. gxh6 Nb4 22.
Rdg1 Qxh6 23. Rxg7+ Qxg7 24. Rg1 Qxg1+ 25. Nxg1 a5 26. Bf5 Bc8 27. Bb1 Ra6 28.
Qe2 Rc6+ 29. Kd1 Bf6 30. Qh5 Rd8 31. Nf3 Kf8 32. Ng5 Bxg5 33. Qxg5 Rdd6 34. h5
Bb7 35. Ng2 Rh6 36. Nh4 Rhf6 37. h6 Rxh6 38. Qd8+ Kg7 39. Nf5+ Kh7 40. Nxh6+ Kxh6
41. Qh8+ Kg5 42. Qg7+ Kh4 43. Bf5 Kh5 44. f4 1-0

[Event "Mistrzostwa Polski Juniorow do lat 16 - Chlopcy"]
[Site "Szklarska Poreba"]
[Date "1899-12-30"]
[Round "3.18"]
[White "Poltorak, Sebastian"]
[Black "Celebias, Filip"]
[Result "1-0"]
[WhiteTitle "k"]
[BlackTitle "II"]
[WhiteElo "2036"]
[BlackElo "1558"]

1. d4 Nf6 2. c4 e6 3. Nc3 Bb4 4. Qc2 O-O 5. e4 d5 6. e5 Ne4 7. a3 Bxc3+ 8. bxc3
f5 9. Bd3 c5 10. Ne2 b6 11. f3 Ng5 12. h4 Nf7 13. cxd5 Qxd5 14. Nf4 Qc6 15. Qb3
Ba6 16. Bxa6 Nxa6 17. Qxe6 Qa4 18. Be3 Qa5 19. Qb3 cxd4 20. Bxd4 Kh8 21. e6 Rfe8
22. O-O-O Ne5 23. h5 h6 24. Bxe5 1-0

[Event "Mistrzostwa Polski Juniorow do lat 16 - Chlopcy"]
[Site "Szklarska Poreba"]
[Date "1899-12-30"]
[Round "3.19"]
[White "Dalkowski, Rafal"]
[Black "Topola, Rafal"]
[Result "1-0"]
[WhiteTitle "I"]
[BlackTitle "I"]
[WhiteElo "1893"]
[BlackElo "1754"]

1. d4 Nf6 2. Bg5 e6 3. Nf3 d5 4. e3 Be7 5. Bd3 c5 6. c3 Qb6 7. Qb3 c4 8. Qxb6 axb6
9. Bc2 Nc6 10. O-O O-O 11. Nbd2 b5 12. a3 Nd7 13. Bxe7 Nxe7 14. e4 Nb6 15. e5
Ng6 16. g3 Na4 17. Rab1 Bd7 18. Kg2 Ne7 19. h4 Rfc8 20. h5 h6 21. g4 g6 22. hxg6
fxg6 23. Ng1 Rf8 24. f4 Kg7 25. Ne2 Rf7 26. Kf3 Rh8 27. Kg3 Rc8 28. Nf3 Rff8 29.
Rh1 Rf7 30. Rhf1 Rff8 31. Kf2 Rh8 32. Ng3 Rhf8 33. Ke3 Rf7 34. Nh4 Rcf8 35. Nxg6
Nxg6 36. f5 Ne7 37. f6+ Kg8 38. Rh1 Rxf6 39. exf6 Rxf6 40. Rhf1 Rxf1 41. Nxf1
Nb6 42. Nh2 Be8 43. Nf3 Bg6 44. Bxg6 Nxg6 45. Rh1 Kg7 46. g5 hxg5 47. Nxg5 Kf6
48. Nf3 Na4 49. Rh7 b6 50. Rh2 Kg7 51. Rf2 Ne7 52. Nh4 Nc8 53. Kf4 Kf6 54. Kg4+
Kg7 55. Kf4 Kf6 56. Rg2 Ne7 57. Nf3 Ng6+ 58. Kg4 Ne7 59. Ne5 Nf5 60. Kf4 Nh4 61.
Rh2 Nf5 62. Ng4+ Kg6 63. Ke5 Kg5 64. Nf2 Ne3 65. Rh3 Nf1 66. Nd1 Kg4 67. Rh1 Ng3
68. Rh2 Ne4 69. Kxe6 Kg3 70. Rc2 1-0

[Event "Mistrzostwa Polski Juniorow do lat 16 - Chlopcy"]
[Site "Szklarska Poreba"]
[Date "1899-12-30"]
[Round "3.20"]
[White "Wasik, Mateusz"]
[Black "Oleksy, Krzysztof"]
[Result "0-1"]
[WhiteTitle "I"]
[BlackTitle "I"]
[WhiteElo "1724"]
[BlackElo "1842"]

1. e4 e5 2. Nf3 Nc6 3. Bc4 Nf6 4. d3 Be7 5. c3 O-O 6. O-O d5 7. Bb5 Bg4 8. h3 Bh5
9. Nbd2 Bd6 10. Re1 a6 11. Ba4 b5 12. Bb3 dxe4 13. dxe4 Na5 14. Bc2 Qe7 15. Nf1
Bg6 16. g4 Rfd8 17. Qe2 Nb7 18. Ng3 Nc5 19. Nf5 Bxf5 20. exf5 Nfd7 21. g5 f6 22.
h4 Re8 23. b4 Na4 24. Bd2 c5 25. Be4 Rad8 26. Bd5+ Kh8 27. g6 cxb4 28. cxb4 Bxb4
29. Bf7 Rf8 30. a3 Bxd2 31. Nxd2 Ndc5 32. Qh5 h6 33. Nf3 Nd3 34. Re3 Nac5 35.
Nh2 Rd4 36. Qe2 Qd7 37. Ng4 Qxf5 38. Rg3 Nf4 39. Qe3 Nh3+ 40. Kh2 Rxg4 41. Rxg4
Qxg4 42. Qxc5 Rc8 43. Qe3 Nf4 44. Qg3 Qe2 45. Qe3 Qg4 46. Qg3 Qe2 47. Qe3 Qc2
48. Bb3 Qxg6 49. Rg1 Qd3 50. Qxd3 Nxd3 51. Be6 Re8 52. Bf5 Nf4 53. Rd1 g6 0-1

[Event "Mistrzostwa Polski Juniorow do lat 16 - Chlopcy"]
[Site "Szklarska Poreba"]
[Date "1899-12-30"]
[Round "3.21"]
[White "Budzisz, Adrian"]
[Black "Dziendziel, Mateusz"]
[Result "1/2-1/2"]
[WhiteTitle "I"]
[BlackTitle "I"]
[WhiteElo "1812"]
[BlackElo "1700"]

1. d4 Nf6 2. Nf3 g6 3. c3 Bg7 4. Bf4 d6 5. h3 O-O 6. e3 b6 7. Be2 Bb7 8. O-O Nbd7
9. a4 a5 10. Nbd2 Re8 11. Bh2 e5 12. dxe5 dxe5 13. Qc2 Nd5 14. Bc4 Ra7 15. Rfd1
h6 16. Nf1 Qa8 17. Qb3 c6 18. Ng3 Nc5 19. Qa2 Rf8 20. Rd2 Qe8 21. Rad1 Ba8 22.
e4 Nf4 23. Re1 Kh7 24. Nf1 Nh5 25. g4 Nf4 26. Bxf4 exf4 27. Nd4 Qe7 28. Kh2 Be5
29. Nf3 Bb8 30. Rde2 Re8 31. N1d2 Rd7 32. Kg2 Bb7 33. Nd4 Be5 34. N2f3 Kg7 35.
Qa3 Qf6 36. Nxe5 Qxe5 37. Nf3 Qc7 38. b4 axb4 39. cxb4 Ne6 40. Qc3+ f6 41. a5
b5 42. Bxe6 Rxe6 43. Rd2 Rde7 44. Rde2 1/2-1/2

[Event "Mistrzostwa Polski Juniorow do lat 16 - Chlopcy"]
[Site "Szklarska Poreba"]
[Date "1899-12-30"]
[Round "3.22"]
[White "Kacprzak, Karol"]
[Black "Babiarz, Arkadiusz"]
[Result "1-0"]
[WhiteTitle "I++"]
[BlackTitle "I++"]
[WhiteElo "1954"]
[BlackElo "1831"]

1. e4 c5 2. Nf3 e6 3. d4 cxd4 4. Nxd4 a6 5. Bd3 Nf6 6. O-O d6 7. Qe2 Nbd7 8. c4
Qc7 9. Nc3 Be7 10. Rd1 b6 11. Nf3 Ne5 12. h3 Bb7 13. Be3 O-O 14. Rac1 Rac8 15.
b3 Nfd7 16. Bb1 f5 17. Nd4 Nc5 18. exf5 d5 19. cxd5 exd5 20. b4 Ncd7 21. Ne6 Qd6
22. Nxf8 Bxf8 23. Bf4 Re8 24. a3 Nf6 25. Ba2 1-0

[Event "Mistrzostwa Polski Juniorow do lat 16 - Chlopcy"]
[Site "Szklarska Poreba"]
[Date "1899-12-30"]
[Round "3.23"]
[White "Kossowski, Pawel"]
[Black "Majdanski, Maksymilian"]
[Result "1-0"]
[WhiteTitle "I"]
[BlackTitle "I"]
[WhiteElo "1717"]
[BlackElo "1868"]

1. e4 c5 2. Nf3 Nc6 3. d4 cxd4 4. Nxd4 Nf6 5. Nc3 e5 6. Ndb5 d6 7. Bg5 a6 8. Na3
b5 9. Bxf6 gxf6 10. Nd5 Bg7 11. Qh5 Be6 12. Rd1 Ne7 13. Nxe7 Qxe7 14. c3 O-O 15.
Nc2 Bxa2 16. Nb4 Be6 17. Be2 Kh8 18. O-O Rg8 19. f4 a5 20. Nd3 Bf8 21. f5 Bb3
22. Ra1 a4 23. Nb4 Qa7+ 24. Kh1 Qc5 25. Rf3 Rd8 26. Rh3 Rg7 27. Rf1 d5 28. Nd3
Qc7 29. Rff3 Bd6 30. Rfg3 Rdg8 31. Rg4 a3 32. Rgh4 Rb8 33. Qxh7+ Rxh7 34. Rxh7+
Kg8 35. Rh8+ Kg7 36. R3h7# 1-0